000
00380nam a22001577a 4500
003
MPLRDC
005
20220104114319.0
008
210129b ||||| |||| 00| 0 eng d
082
_a
547.9 CDCB
100
_a
不详
245
_a
中国帮会史
_c
260
_a
_b
现代出版公司
_c
1969
300
_b
平
650
_a
社会事业及团体--中国
942
_c
BK
_o
547.9 CDCB
999
_c
6512
_d
6502